Central Library OPAC University of Rajshahi

Carbohydrate metabolism and its disorders / (Record no. 14546)

MARC details
000 -LEADER
fixed length control field 00916cam a2200277 a 4500
001 - CONTROL NUMBER
control field 14546
003 - CONTROL NUMBER IDENTIFIER
rucl marc code BD-RjUL
005 - DATE AND TIME OF LATEST TRANSACTION
control field 20211208235640.0
008 - FIXED-LENGTH DATA ELEMENTS--GENERAL INFORMATION
fixed length control field 140206s1968 enka b 001 0 eng
035 ## - SYSTEM CONTROL NUMBER
System control number (BD-RjUL)14599
040 ## - CATALOGING SOURCE
Original cataloging agency DLC
Transcribing agency DLC
Modifying agency BD-RjUL
Language of cataloging eng
041 ## - LANGUAGE CODE
Language code of text/sound track or separate title eng
082 00 - DEWEY DECIMAL CLASSIFICATION NUMBER
Classification number 616.39
Edition number 19
Author mark and year CAR 1968
245 00 - TITLE STATEMENT
Title Carbohydrate metabolism and its disorders /
Statement of responsibility, etc. edited by F. Dickens, P.J. Randle and W.J. Whelan.
260 ## - PUBLICATION, DISTRIBUTION, ETC. (IMPRINT)
Place of publication, distribution, etc. London ;
-- New York :
Name of publisher, distributor, etc. Academic Press,
Date of publication, distribution, etc. c1968.
300 ## - PHYSICAL DESCRIPTION
Pagination xv, 576 p. :
Illustrations ill. (some col.) ;
Size 24 cm.
504 ## - BIBLIOGRAPHY, ETC. NOTE
Bibliography, etc Includes bibliographies and index.
505 ## - FORMATTED CONTENTS NOTE
Formatted contents note vol. 1 -- v. 2 --
650 #0 - SUBJECT ADDED ENTRY--TOPICAL TERM
Topical term or geographic name as entry element Carbohydrates
General subdivision Metabolism.
9 (RLIN) 45361
Topical term or geographic name as entry element Carbohydrates
General subdivision Metabolism
-- Disorders.
9 (RLIN) 45362
700 1# - ADDED ENTRY--PERSONAL NAME
Personal name Dickens, Frank,
Dates associated with a name 1899-
Personal name Randle, P. J.
Personal name Whelan, W. J.
Fuller form of name (William Joseph)
942 ## - ADDED ENTRY ELEMENTS (KOHA)
Source of classification or shelving scheme Dewey Decimal Classification
Koha item type Books
Holdings
Lost status Source of classification or shelving scheme Damaged status Not for loan Collection code Permanent Location Current Location Shelving location Date acquired Source of acquisition Cost, normal purchase price Total Checkouts Full call number Date last seen Copy number Koha item type
  Dewey Decimal Classification   Not For Loan Non-fiction Central Library, University of Rajshahi Central Library, University of Rajshahi Reading Room 03/08/1970 Zeitlinger 130.00   616.39 CAR V-1 1968 06/02/2014 C-1 Books
  Dewey Decimal Classification     Non-fiction Central Library, University of Rajshahi Central Library, University of Rajshahi   03/08/1970 Zeitlinger 130.00   616.39 CAR V-1 1968 17/05/2017 C-2 Books
  Dewey Decimal Classification   Not For Loan Non-fiction Central Library, University of Rajshahi Central Library, University of Rajshahi Reading Room 03/08/1970 Zeitlinher 100.00   616.39 CAR V-2 1968 17/05/2017 C-1 Books
  Dewey Decimal Classification     Non-fiction Central Library, University of Rajshahi Central Library, University of Rajshahi   03/08/1970 Zeitlinher 100.00   616.39 CAR V-2 1968 17/05/2017 C-2 Books